000 00916nam a2200301Ia 4500
001 9427
003 IT-RoPAU
008 130308s9999 xx 000 0 und d
040 _aIT-RoPAU
040 _cIT-RoPAU
041 _aITALIANO
100 _aLagioni Iginio
100 _gCodice Aut. SPICS: 4930
245 _aAcquirente nell'industria (L')
245 _bManuale di Marketing
250 _a1a ed.
260 _aMILANO
260 _bISEDI
260 _c1972 [1° Ed.:1972 - Ed.Ling.Originale:1972]
300 _a"46 p. (prefazione: no ; testo: 46 [pagine: 0-0])"
500 _aBeni Industriali Acquirente Industriale Valutazione delle Opportunità di mercato Componenti Tipiche del Marketing mix Aspetti Organizzativi del Marketing Industriale
650 _aENCICLOPEDIE DI MARKETING
650 _eCodice materia Spics: 6451
942 _cBK
957 _71
999 _c49104
_d49104
999 _bSI
999 _g1